Sports Quiz

Random Sports or Baseball Quiz

St. Louis Cardinals Opening Day Starting Pitchers Quiz Stats

Quiz Updated Apr 2, 2018

Challenge
Share
Tweet
Embed
Score 0/137 Timer 15:00
0 Plays Today
Year Starter % Correct
2005Chris Carpenter
87.3%
2006Chris Carpenter
87.3%
2007Chris Carpenter
87.3%
2010Chris Carpenter
87.3%
2011Chris Carpenter
87.3%
1965Bob Gibson
86.3%
1967Bob Gibson
86.3%
1968Bob Gibson
86.3%
1969Bob Gibson
86.3%
1971Bob Gibson
86.3%
1973Bob Gibson
86.3%
1974Bob Gibson
86.3%
1970Bob Gibson
86.2%
1972Bob Gibson
86.2%
1975Bob Gibson
86.2%
2009Adam Wainwright
85.6%
2013Adam Wainwright
85.6%
2014Adam Wainwright
85.6%
2015Adam Wainwright
85.6%
2016Adam Wainwright
85.6%
2018Carlos Martinez
74.4%
2017Carlos Martinez
65.6%
1934Dizzy Dean
63.6%
1937Dizzy Dean
63.6%
1933Dizzy Dean
63.6%
1935Dizzy Dean
63.6%
1936Dizzy Dean
63.6%
1991Bryn Smith
49.5%
1986John Tudor
46.9%
1987John Tudor
46.9%
2003Matt Morris
45.2%
2004Matt Morris
45.2%
2002Matt Morris
45.1%
1978Bob Forsch
39.8%
1983Bob Forsch
39.8%
1981Bob Forsch
39.8%
1982Bob Forsch
39.8%
1985Joaquin Andujar
39.2%
2000Darryl Kile
38.7%
2001Darryl Kile
38.6%
1959Larry Jackson
36%
1962Larry Jackson
36%
1960Larry Jackson
36%
1927Grover Cleveland Alexander
29.8%
1929Grover Cleveland Alexander
29.8%
2012Kyle Lohse
27.5%
Year Starter % Correct
2008Kyle Lohse
27.5%
1899Cy Young
26.6%
1900Cy Young
26.6%
1996Andy Benes
26.5%
1993Bob Tewksbury
26%
1994Bob Tewksbury
26%
1988Joe Magrane
20.8%
1989Joe Magrane
20.8%
1990Joe Magrane
20.8%
1942Mort Cooper
20.4%
1943Mort Cooper
20.4%
1940Curt Davis
19.5%
1995Ken Hill
17.2%
1997Todd Stottlemyre
17%
1998Todd Stottlemyre
17%
1921Jesse Haines
15.7%
1925Jesse Haines
15.7%
1928Jesse Haines
15.7%
1963Ernie Broglio
15%
1964Ernie Broglio
15%
1961Ernie Broglio
15%
1999Donovan Osborne
14.8%
1966Curt Simmons
14.7%
1992Jose DeLeon
13.6%
1977John Denny
13.5%
1979John Denny
13.5%
1949Harry Brecheen
10.9%
1888Silver King
9.9%
1889Silver King
9.9%
1898Jack B. Taylor
9.4%
1904Jack W. Taylor
9.4%
1906Jack W. Taylor
9.4%
1954Harvey Haddix
9.2%
1980Pete Vuckovich
8.9%
1984Dave LaPoint
8.3%
1947Howie Pollet
8.2%
1976Lynn McGlothen
7.5%
1956Wilmer Mizell
7.2%
1958Wilmer Mizell
7.2%
1926Flint Rhem
6.5%
1930Flint Rhem
6.5%
1931Flint Rhem
6.5%
1932Flint Rhem
6.5%
1944Max Lanier
6.5%
1910Vic Willis
6.4%
1916Bill Doak
6.3%
Year Starter % Correct
1920Bill Doak
6.3%
1941Lon Warneke
6.3%
1948Murry Dickson
6%
1922Bill Sherdel
5.8%
1950Gerry Staley
5.7%
1911Slim Sallee
5.6%
1919Jakie May
5.6%
1952Gerry Staley
5.6%
1953Gerry Staley
5.6%
1915Slim Sallee
5.6%
1894Ted Breitenstein
5.5%
1895Ted Breitenstein
5.5%
1896Ted Breitenstein
5.5%
1886Bob Caruthers
5.2%
1884Tip O'Neill
4.9%
1882Jumbo McGinnis
4.9%
1883Jumbo McGinnis
4.9%
1885Dave Foutz
4.7%
1887Dave Foutz
4.7%
1917Lee Meadows
4.6%
1918Lee Meadows
4.6%
1946Johnny Beazley
4.5%
1955Brooks Lawrence
4.5%
1945Ted Wilks
4.4%
1913Dan Griner
4%
1914Dan Griner
4%
1901Jack Powell
3.9%
1892Kid Gleason
3.9%
1908Johnny Lush
3.9%
1909Johnny Lush
3.9%
1939Bob Weiland
3.8%
1938Bob Weiland
3.8%
1951Tom Poholsky
3.8%
1957Herm Wehmeier
3.7%
1891Jack Stivetts
3.7%
1924Johnny Stuart
3.5%
1912Bob Harmon
3.4%
1923Jeff Pfeffer
3.3%
1893Pink Hawley
3.2%
1890Toad Ramsey
3.1%
1903Clarence Currie
3.1%
1905Chappie McFarland
3%
1897Red Donahue
3%
1902Stan Yerkes
2.8%
1907Art Fromme
2.6%

You're not logged in!

Compare scores with friends on all Sporcle quizzes.
Join for Free
OR
Log In

Show Comments

Extras

Top Quizzes Today


Score Distribution

Your Account Isn't Verified!

In order to create a playlist on Sporcle, you need to verify the email address you used during registration. Go to your Sporcle Settings to finish the process.

Report this User

Report this user for behavior that violates our Community Guidelines.

Details: